00989cam a2200265 a 450000100100000000500170001000800410002702000330006802000240010103500190012503500250014404000180016908200180018724501090020526001140031430000340042850400440046265000350050665000370054165000360057865000340061465000200064865000290066870000260069700001357920260129102427.0970415s1996 ve ab b 000 0 spa  a9806397215 (Fundacion Polar) a9800010092 (CENDES) a(DLC) 97139879 a(BoCbEI)ei 97M001504 aDO-SdBNPcDLC a658.87bC968e00aCultura empresarial en Venezuela :bla industria química y petroquímica /cedición Arnoldo Pirela. aCaracas :bFundación Polar ;bCentro de Estudios del Desarrollo ;bUniversidad Central de Venezuela,c1996. a414 p. :bil., maps ;c26 cm. aIncluye bibliografía: (p. [397]-414). 4aCultura corporativazVenezuela 4aIndustrias químicaszVenezuela 4aGestión industrialzVenezuela 0aComportamiento organizacional 4aPetroquímicos 4aProductos del petróleo1 aPirela, Arnoldo,eed.